Представление документа в формате RUSMARC

ПолеНазваниеЗначение
  Тип записи a
  Библиографический уровень c
001 Контрольный номер RU/SLIB/B/208712915
005 Дата корректировки 20201206203917.1
010 Индекс ISBN __
d Цена 15-00
101 Язык документа __
a Язык текста rus
c Язык оригинала rus
200 Заглавие и сведения об ответственности 0_
a Заглавие Летопись великой стройки: Люди прокладывают магистраль. Магистраль формирует людей
f Первые сведения об ответственности Е. И. Бородин, Н. В. Бакланов, А. Г. Доленко [и др.]
b Общее обозначение материала Текст
210 Выходные данные __
a Место издания М.
c Издательство Известия
d Дата издания 1983
215 Физическое описание __
a Объем 272 с.
330 Аннотация __
a Аннотация Сборник этот - о том, как и кто прокладывает магистральные газопроводы из Западной Сибири в центральные районы, предусмотренные планом одиннадцатой пятилетки. Рассказ ведут министры и писатели, рабочие и журналисты. Очерки и интервью, репортажи и зарисовки позволят читателю составить цельное впечатление о людях и свершениях, обеспечивших досрочный ввод в строй трассы Уренгой - Помары - Ужгород и других крупнейших магистралей.
606 Тематические рубрики __
a Основная рубрика Экономика
a Основная рубрика Экономика топливной промышленности
y Географическая подрубрика Россия; Тюменская область
610 Ключевые слова __
a Ключевые слова магистральные нефтепроводы; магистральные газопроводы; магистральные трубопроводы; рабочие; трассы; магистрали; очерки; интервью; репортажи; зарисовки
686 Индексы других классификаций __
a Классификационный индекс К65.305.143(2Рос-4Тюм)
701 Альтернативная интеллектуальная ответственность _1
a Фамилия Бородин
b Имя Е. И.
4 Код отношения 070
701 Альтернативная интеллектуальная ответственность _1
a Фамилия Бакланов
b Имя Н. В.
4 Код отношения 070
701 Альтернативная интеллектуальная ответственность _1
a Фамилия Доленко
b Имя А. Г.
4 Код отношения 070
801 Источник записи _0
a Страна RU
b Организация Муниципальное бюджетное учреждение культуры "Централизованная библиотечная система" г. Сургут (Центральная городская библиотека им. А. С. Пушкина)
g Правила каталогизации КиК/Варварина
801 Источник записи _1
a Страна RU
b Организация Муниципальное бюджетное учреждение культуры "Централизованная библиотечная система" г. Сургут (Центральная городская библиотека им. А. С. Пушкина)
g Правила каталогизации КиК/Варварина
852 Данные о местонахождении __
j Шифр хранения К65.305.143(2Рос-4Тюм)
c Каталожный индекс К65.304.13(2Рос-4Тюм)
i Авторский знак Л 52
p Инвентарный номер Б/Н
901 Тип документа __
t Тип документа x
903 Характеристики (МАРС) __
a Дата передачи 20010605
969 Тип издания __
a Тип издания сборник
990 Данные о заказе (DOS) __
h N записи в КСУ для Б/У (DOS) 200105
j Количество экземпляров (DOS) 1